ILO Anayasası ve Türkiye Cumhuriyeti tarafından onaylanan ILO sözleşmeleri (Record no. 3254)

MARC details
000 -BAŞLIK
Sabit Uzunlukta Kontrol Alanı 01046na a2200241 4500
001 - KONTROL NUMARASI
Denetim Alanı 19706
003 - KONTROL NUMARASI IDENTIFIER
Denetim Alanı MIRAKIL
005 - SON İŞLEM TARİHİ VE ZAMANI
Denetim Alanı 20181213154926.0
008 - SABİT-BOY VERİ ELEMANLARI - GENEL BİLGİLER
Sabit Uzunlukta Kontrol Alanı 161226b tu 000 0
020 ## - ULUSLARARASI STANDART KİTAP NUMARASI
Uluslararası Standart Kitap Numarası 9754550263
040 ## - KATALOGLAMA KAYNAK
Orijinal Kataloglama Ajansı Milas
Kataloglama Dili tur
Metne Dönüştürmek Ajansı TR-AnCHP
041 ## - DİL KODU
Metin / Ses Parça Veya Ayrı Başlığın Dil Kodu tur
-- eng
082 ## - DEWEY ONLU SINIFLANDIRMA NUMARASI
Sınıflandırma Numarası 341.763
Ürün Numarası I46 1998
090 ## - SINIFLAMA NUMARASI
Sınıflama Numarası 341.763 I46 1998
245 ## - BAŞLIK TABLOSU
Başlık ILO Anayasası ve Türkiye Cumhuriyeti tarafından onaylanan ILO sözleşmeleri
Başlığın Kalan =ILO constitution and ILO conventions ratified by the Republic of Turkey
Sorumluluk Tablosu, Vb Hazırlayan Çalışma ve Sosyal Güvenlik Bakanlığı Araştırma Planlama ve Koordinasyon Kurulu Başkanlığı
246 ## - UNVAN FORM VARYING
Başlık Doğru / Kısa Başlığı ILO constitution and ILO conventions ratified by the Republic of Turkey
260 ## - YAYIN, DAĞITIM, VB
Yayın, Dağıtım, Vb Yeri Ankara
Yayıncı, Dağıtıcı, Vs Adı Çalışma ve Sosyal Güvenlik Bakanlığı
Yayın, Dağıtım, Vb Tarihi 1998
300 ## - FİZİKSEL TANIM
Kapsam x, 466 s.
Boyutlar 25 sm.
610 ## - KONU KATMA GİRİŞ - TOPLANTI ADI
Giriş Elemanı Olarak Kurumsal Ad Veya Yargı Alanı Adı ILO (Uluslararası Çalışma Örgütü)
Genel Alt Bölüm Sözleşmeler
Coğrafi Alt Bölüm Türkiye
610 ## - KONU KATMA GİRİŞ - TOPLANTI ADI
Giriş Elemanı Olarak Kurumsal Ad Veya Yargı Alanı Adı ILO (Uluslararası Çalışma Örgütü)
Genel Alt Bölüm Anayasa
710 ## - KATMA GİRİŞ - KURUMSAL ADI
Giriş Elemanı Olarak Kurumsal Ad Veya Yargı Alanı Adı Çalışma ve Sosyal Güvenlik Bakanlığı
942 ## - EKLENDİ GİRİŞ ELEMANLARI (KOHA)
Sınıflandırma Veya Raf Düzeni Kaynak Dewey Decimal Classification
Koha Öğesi Türü Books
999 ## - SİSTEM KONTROL NUMARALARI (KOHA)
Koha Biblionumber 3254
Koha Biblioitemnumber 3254
Holdings
Kalıcı Konum Mevcut Konum Edinme Tarihi Edinim Kaynak Toplam Check-Out'Lar Tam Çağrı Numarası Barkod Tarih Son Görülme İtibaren Geçerli Fiyatlar Koha Öğesi Türü
CHP Kütüphanesi CHP Kütüphanesi 12/26/2016 Bağış   341.763 I46 1998 010285 12/26/2016 12/26/2016 Books